000 00439 a2200145 4500
005 20250516103645.0
020 _a0-02-368100-4
082 _a658.403 LAU
100 _aLAUDON, K. C.
245 _aManagement Information Systems: A Contemporary perspective.
260 _aNew York,
_bMacmillan publishing company,
_c1988.
300 _axiv, 749p.: Ill.;figures & table
_bGlossary & Index
_c25cm.
700 _aLAUDON, J. P.
942 _2ddc
_cBKS
999 _c2387
_d2387